All passion spent / (Record no. 186681)
[ view plain ]
| 000 -LEADER | |
|---|---|
| fixed length control field | 00564 a2200193 4500 |
| 003 - CONTROL NUMBER IDENTIFIER | |
| control field | Nust |
| 005 - DATE AND TIME OF LATEST TRANSACTION | |
| control field | 20230125134905.0 |
| 010 ## - LIBRARY OF CONGRESS CONTROL NUMBER | |
| LC control number | 31028061 |
| 040 ## - CATALOGING SOURCE | |
| Transcribing agency | Nust |
| 082 ## - DEWEY DECIMAL CLASSIFICATION NUMBER | |
| Classification number | 808.83,SCH |
| 100 ## - MAIN ENTRY--PERSONAL NAME | |
| Personal name | Sackville-West, Victoria |
| 9 (RLIN) | 107647 |
| 245 ## - TITLE STATEMENT | |
| Title | All passion spent / |
| Statement of responsibility, etc. | V. Sackville-West |
| 260 ## - PUBLICATION, DISTRIBUTION, ETC. | |
| Place of publication, distribution, etc. | Garden City N.Y., |
| Name of publisher, distributor, etc. | Doubleday, Doran & Company, Inc., |
| Date of publication, distribution, etc. | 1931 |
| 300 ## - PHYSICAL DESCRIPTION | |
| Extent | 297 p |
| Other physical details | 22 cm |
| 505 ## - FORMATTED CONTENTS NOTE | |
| Formatted contents note | Part 1: (Page-11), Part 2: (Page-139), Part 3. (Page-185). |
| 600 ## - SUBJECT ADDED ENTRY--PERSONAL NAME | |
| Personal name | Sackville-West, Victoria, |
| 9 (RLIN) | 107647 |
| 650 ## - SUBJECT ADDED ENTRY--TOPICAL TERM | |
| Topical term or geographic name entry element | Novel |
| 9 (RLIN) | 2525 |
| 942 ## - ADDED ENTRY ELEMENTS (KOHA) | |
| Source of classification or shelving scheme | |
| Koha item type | Book |
| Withdrawn status | Lost status | Source of classification or shelving scheme | Damaged status | Not for loan | Permanent Location | Current Location | Shelving location | Date acquired | Full call number | Barcode | Date last seen | Price effective from | Koha item type | Public note |
|---|---|---|---|---|---|---|---|---|---|---|---|---|---|---|
| Military College of Signals (MCS) | Military College of Signals (MCS) | General Stacks | 12/12/2016 | 808.83,SAC | MCS29849 | 12/08/2016 | 12/12/2016 | Book | Almirah No.57, Shelf No.2 |
